Closest Remaining City - Statistics

General Stats
  • This quiz has been taken 130 times
  • The average score is 14 of 20
Answer Stats
Hint Answer % Correct
Taj Mahal Delhi
97%
Great Barrier Reef Sydney
95%
Aegean Sea Athens
93%
Tehran Baghdad
91%
Grand Canyon Los Angeles
90%
Mount Kilimanjaro Nairobi
85%
Vienna Kyiv
79%
Kazakhstan Moscow
74%
Antarctica Cape Town
72%
The Pampas Rio de Janeiro
72%
The Everglades New York
67%
Tibet Bangkok
65%
Chad Lagos
65%
Tasmania Jakarta
62%
Peru Panama City
58%
Gobi Desert Seoul
58%
Empire State Building Vancouver
54%
Victoria Falls Johannesburg
46%
Mars Manila
28%
European Union Cairo
23%
No matching quizzes found
Score Distribution
Percent of People with Each Score
Percentile by Number Answered
Your Score History
You have not taken this quiz